02001nam a22002777a 4500003000900000005001700009008004100026020001800067040002500085082001500110110003200125240007100157245012500228260005300353300002000406500017800426500015800604500050500762590002701267910001401294942001401308952012401322952013001446952013001576999001701706DO-SdBNP20220601093630.0091125s201u dr 001 0 spa d a9789945606263 aDO-SdBNPbspacBNPHU axxxxbxxxx1 aRepública Dominicana944713aLey 155-17 contra lavado de activos y financiamiento al terrorismo10aLey 155-17 contra lavado de activos y financiamiento al terrorismo :bparte ley 72-02, decreto 408-17, decreto 407-17 /. aSanto Domingo :bDalis,bLibreria Delmac[2017]. a99 P. ;c21 cm. aParte Ley 72-02 (artículos que permanecerán vigentes hasta tanto se dicte la Ley sobre administración y disposición de bienes incautados, decomisados y abandonados). aDec. 408-17 reglamento de la Ley 155-17 contra lavado de activos, el financiamiento al terrorismo y la proliferación de armas de destrucción masiva.  aDec. 407-17 reglamento para la aplicación de medidas en materia de congelamiento preventivo de bienes o activos relacionados con el terrorismo y su financiamiento y con la financiación de la proliferación de armas de destrucción masiva, conforme las resoluciones del consejo de seguridad de las naciones unidas 1267 (1999), y 1989 (2011) y sucesivas, resolución 1988 (2011) y sucesivas, resolución 1373 (2001) y sucesivas, resolución 1718 (2006) y sucesivas, y resolución 2231 (2015)  aInventariado, 2022/ YL aYLockward 2ddccLBS1 00102ddc51708PDaBNPHUbBNPHUcHDd2018-05-12eEditora Dalisl0oxxxx xxxxp2022-2546r2022-06-01w2022-06-01yLBS1 00102ddc51708PDaBNPHUbBNPHUcHDd2018-05-12eEditora Dalisl0oxxxx xxxxp2022-2547r2022-06-01te. 2w2022-06-01yLBS1 00102ddc56708PDaBNPHUbBNPHUcHDd2018-05-12eEditora Dalisl0oxxxx xxxxp2022-2548r2022-06-01te. 3w2022-06-01yLBS1 c51866d51866